[Event "Cto de Aragón Eq Fase II"]
[Site "Aragón"]
[Date "2016.02.27"]
[Round "5.31"]
[White "Sanchez Castro, Roberto"]
[Black "Bailo Remacha, Santiago"]
[Result "1-0"]
[WhiteElo "1964"]
[BlackElo "2036"]
[PlyCount "127"]
[EventDate "2016.??.??"]
[WhiteTeam "Ibercaja A"]
[BlackTeam "El Olivar B"]

1. e4 c5 2. Nf3 d6 3. d4 cxd4 4. Bb5+ Bd7 5. Bxd7+ Qxd7 6. Nxd4 Nf6 7. Nc3 Nc6
8. O-O g6 9. Nd5 Bg7 10. Nxf6+ Bxf6 11. c3 h5 12. Nc2 g5 13. Ne3 g4 14. Nd5 Be5
15. Bf4 O-O-O 16. Bxe5 Nxe5 17. Kh1 h4 18. f4 gxf3 19. gxf3 Rdg8 20. Qe2 h3 21.
Rg1 f5 22. exf5 Kd8 23. Qe4 Qb5 24. b3 Qd3 25. Raf1 b5 26. Nf4 Rxg1+ 27. Rxg1
Qxc3 28. Qa8+ Kd7 29. Qxa7+ Ke8 30. Qa8+ Kf7 31. Qd5+ Ke8 32. Qa8+ Kd7 33. Qb7+
Kd8 34. Ne6+ Ke8 35. Qxb5+ Nc6 36. Qd5 Kd7 37. a4 Rb8 38. Rg7 Rxb3 39. Nc5+ Kc7
40. Qxb3 Qxc5 41. f6 Qe5 42. Rg6 exf6 43. Rg7+ Ne7 44. Qf7 Kd7 45. a5 Qe1+ 46.
Rg1 Qc3 47. Qh5 f5 48. Qxh3 Qxa5 49. Qf1 d5 50. Rg7 Qc3 51. Rh7 Qc5 52. Rh4 Qe3
53. Ra4 Nc6 54. Ra2 d4 55. Re2 Qf4 56. Kg2 d3 57. Rb2 Ne5 58. Qf2 Qg5+ 59. Qg3
Qe3 60. Qf2 Qg5+ 61. Qg3 Qe3 62. Qg7+ Ke6 63. Rb6+ Qxb6 64. Qh6+ 1-0

[Event "Cto de Aragón Eq Fase II"]
[Site "Aragón"]
[Date "2016.02.27"]
[Round "5.32"]
[White "Arinez Bruna, Octavio"]
[Black "Torcal Miguel, Oscar"]
[Result "0-1"]
[WhiteElo "1937"]
[BlackElo "1902"]
[PlyCount "62"]
[EventDate "2016.??.??"]
[WhiteTeam "El Olivar B"]
[BlackTeam "Ibercaja A"]

1. c4 e5 2. g3 Nf6 3. Bg2 c6 4. d4 e4 5. Nc3 d5 6. Bg5 Bb4 7. Rc1 O-O 8. Nh3
Nbd7 9. O-O h6 10. Bxf6 Nxf6 11. cxd5 cxd5 12. Qb3 Bxc3 13. Rxc3 b6 14. Rfc1
Ba6 15. Bf1 Qd7 16. Nf4 Bc4 17. Qa3 g5 18. Ng2 Rac8 19. Ne3 Qe6 20. b3 Bb5 21.
Rxc8 Rxc8 22. Rxc8+ Qxc8 23. Qxa7 Ng4 24. Nxg4 Qxg4 25. Qxb6 Bxe2 26. Qf6 Bd3
27. f3 Qc8 28. fxe4 dxe4 29. Qf2 Qc1 30. Kg2 e3 31. Qf3 Qd2+ 0-1

[Event "Cto Aragon Equipos 2016 Pref Gr I"]
[Site "Aragon"]
[Date "2016.02.27"]
[Round "5.33"]
[White "Accattato Martin, Nicola"]
[Black "Planas Torrea, Francisco Javie"]
[Result "0-1"]
[WhiteElo "2000"]
[BlackElo "2040"]
[PlyCount "102"]
[EventDate "2016.??.??"]
[EventType "team-tourn"]
[EventRounds "9"]
[WhiteTeam "Monsalud"]
[BlackTeam "Ejea"]

1. e4 c6 2. d4 d5 3. Nc3 dxe4 4. Nxe4 Bf5 5. Ng3 Bg6 6. Nf3 Nd7 7. Bc4 e6 8. a4
Ngf6 9. Nh4 Bd6 10. Nxg6 hxg6 11. Qf3 Qc7 12. Ne2 Nb6 13. Bb3 Nbd5 14. c4 Bb4+
15. Nc3 Rxh2 16. Rxh2 Qxh2 17. cxd5 Qg1+ 18. Ke2 exd5 19. Rb1 Kf8 20. Bf4 Re8+
21. Be5 Qh2 22. Kd3 Qh4 23. g3 Qg4 24. Qf4 g5 25. Bd6+ Bxd6 26. Qxd6+ Kg8 27.
Rf1 Qf5+ 28. Kd2 Ne4+ 29. Nxe4 Qxe4 30. Rd1 Qxd4+ 31. Kc1 Qxf2 32. Kb1 Qf6 33.
Qxf6 gxf6 34. Bc2 Re5 35. g4 c5 36. Bf5 Kf8 37. a5 Ke7 38. Kc2 Kd6 39. a6 b5
40. Rh1 Kc6 41. Rh7 Re7 42. Rh6 c4 43. Rxf6+ Kc5 44. Bc8 b4 45. Bb7 b3+ 46. Kd2
Kb4 47. Rc6 d4 48. Rc8 c3+ 49. bxc3+ dxc3+ 50. Rxc3 Rd7+ 51. Rd3 b2 0-1

[Event "Cto Aragon Equipos 2016 Pref Gr I"]
[Site "Aragon"]
[Date "2016.02.27"]
[Round "5.34"]
[White "Planas Torrea, Alberto"]
[Black "Lacruz Algarate, Alvaro"]
[Result "1-0"]
[WhiteElo "1967"]
[BlackElo "1986"]
[PlyCount "77"]
[EventDate "2016.??.??"]
[EventType "team-tourn"]
[EventRounds "9"]
[WhiteTeam "Ejea"]
[BlackTeam "Monsalud"]

1. e4 c5 2. Nf3 e6 3. d4 cxd4 4. Nxd4 a6 5. Nc3 Qc7 6. a3 Nf6 7. Be3 d6 8. Be2
Nbd7 9. O-O Nc5 10. Bf3 Be7 11. Qe2 Rb8 12. Rad1 b5 13. g4 Bb7 14. Bc1 O-O 15.
Bg2 Rfc8 16. g5 Nfd7 17. f4 Bf8 18. Qg4 g6 19. h4 e5 20. Nde2 f5 21. exf5 Bxg2
22. Kxg2 gxf5 23. Qxf5 Bg7 24. Qg4 exf4 25. Bxf4 Ne5 26. Bxe5 dxe5 27. h5 Qc6+
28. Kh3 Ne6 29. h6 Bh8 30. Nd5 Rb7 31. g6 Nd4 32. Rf7 Rxf7 33. gxf7+ Kxf7 34.
Rf1+ Ke8 35. Qg8+ Kd7 36. Qf7+ Kd6 37. Qe7+ Kxd5 38. Nc3+ Kc4 39. Qb4# 1-0

[Event "Cto Aragon Equipos 2016 Pref Gr I"]
[Site "Aragon"]
[Date "2016.02.27"]
[Round "5.35"]
[White "Soriano Gracia, Manuel"]
[Black "Merin Flores, Miguel Angel"]
[Result "1-0"]
[WhiteElo "1856"]
[BlackElo "1747"]
[PlyCount "75"]
[EventDate "2016.??.??"]
[EventType "team-tourn"]
[EventRounds "9"]
[WhiteTeam "Monsalud"]
[BlackTeam "Ejea"]

1. e4 c6 2. d4 d5 3. exd5 cxd5 4. Nf3 Nf6 5. c4 e6 6. a3 Be7 7. Nc3 a6 8. Bf4
O-O 9. c5 Re8 10. Bd3 Nbd7 11. h3 Nf8 12. O-O N6d7 13. Re1 Ng6 14. Bh2 Bf6 15.
b4 Ne7 16. Rc1 Nc6 17. Bb1 g6 18. b5 Na5 19. a4 Nf8 20. Ba2 Bd7 21. Ne5 Rc8 22.
Qd3 axb5 23. axb5 Bg7 24. Na4 Bxe5 25. Bxe5 f6 26. Bd6 Ra8 27. Nb6 Ra7 28. Ra1
Kg7 29. Bb3 e5 30. dxe5 fxe5 31. Bxe5+ Rxe5 32. Rxe5 Qf6 33. Rae1 Bf5 34. Re7+
Kh6 35. Qe3+ g5 36. Bxd5 Ng6 37. Rf7 Qb2 38. Rxf5 1-0

[Event "Cto Aragon Equipos 2016 Pref Gr I"]
[Site "Aragon"]
[Date "2016.02.27"]
[Round "5.36"]
[White "Galvez Longas, Isaac"]
[Black "Moreno Martin-Viveros, Alvaro"]
[Result "1/2-1/2"]
[WhiteElo "1715"]
[BlackElo "1777"]
[PlyCount "128"]
[EventDate "2016.??.??"]
[EventType "team-tourn"]
[EventRounds "9"]
[WhiteTeam "Ejea"]
[BlackTeam "Monsalud"]

1. d4 Nf6 2. Nf3 c5 3. e3 e6 4. Bd3 Nc6 5. c3 d5 6. Nbd2 Be7 7. O-O O-O 8. Ne5
Qc7 9. f4 b6 10. Rf3 Bb7 11. Rh3 g6 12. Ndf3 Kg7 13. Ng5 Nd8 14. Qe1 h6 15. Qh4
Ng8 16. Qg3 Bxg5 17. fxg5 h5 18. Rxh5 gxh5 19. Qf3 Ne7 20. Qf6+ Kg8 21. Qh6 Nf5
22. Qxh5 f6 23. Ng6 Qg7 24. Nxf8 Kxf8 25. g6 Ne7 26. Bd2 f5 27. g4 Qxg6 28.
Qxg6 Nxg6 29. Rf1 Ne7 30. gxf5 exf5 31. Be1 Bc8 32. e4 dxe4 33. Bxe4 Bb7 34. d5
Kg7 35. Bxf5 Bxd5 36. Bb1 Ndc6 37. Rf4 Ne5 38. c4 Bc6 39. Bc3 N7g6 40. Bxg6
Kxg6 41. Bxe5 Rc8 42. Rf6+ Kh5 43. Kf2 Be4 44. Ke3 Bb1 45. a3 Ba2 46. Rf7 Bxc4
47. Rxa7 Re8 48. Kf4 Rf8+ 49. Ke4 Re8 50. Rh7+ Kg6 51. Rg7+ Kh6 52. Rb7 Re6 53.
Kf5 Rc6 54. Rc7 Bd3+ 55. Kf4 Rxc7 56. Bxc7 b5 57. Bb6 c4 58. Ke3 Bc2 59. h4 Kh5
60. Bd8 Bb3 61. Bf6 Ba4 62. Kd4 Bd1 63. Kc3 Kg4 64. Kd2 Ba4 1/2-1/2

[Event "Cto Aragon Equipos 2016 Pref Gr I"]
[Site "Aragon"]
[Date "2016.02.27"]
[Round "5.37"]
[White "Correas Marcen, Jose Maria"]
[Black "Palacios Herrero, Pablo"]
[Result "0-1"]
[WhiteElo "1991"]
[BlackElo "2149"]
[PlyCount "46"]
[EventDate "2016.??.??"]
[EventType "team-tourn"]
[EventRounds "9"]
[WhiteTeam "El Olivar C"]
[BlackTeam "Palacio de Pioneros A"]

1. b3 e5 2. Bb2 Nc6 3. e3 d5 4. Bb5 Bd6 5. Nf3 f6 6. O-O Bg4 7. h3 Bh5 8. g4
Bf7 9. Bxc6+ bxc6 10. Nh4 g5 11. Nf5 Ne7 12. Ng7+ Kf8 13. Nh5 Bxh5 14. gxh5 Nf5
15. Kh1 Rg8 16. d3 Nh4 17. e4 f5 18. exf5 g4 19. hxg4 Nxf5 20. Rg1 Qh4+ 21. Kg2
Rxg4+ 22. Kf1 Ne3+ 23. fxe3 Qh3+ 0-1

[Event "Cto Aragon Equipos 2016 Pref Gr I"]
[Site "Aragon"]
[Date "2016.02.27"]
[Round "5.38"]
[White "Romero Pallares, Daniel"]
[Black "Hernandez Delgado, Gabriel"]
[Result "1-0"]
[WhiteElo "2135"]
[BlackElo "1905"]
[PlyCount "120"]
[EventDate "2016.??.??"]
[EventType "team-tourn"]
[EventRounds "9"]
[WhiteTeam "Palacio de Pioneros A"]
[BlackTeam "El Olivar C"]

1. e4 d5 2. Nc3 d4 3. Nce2 e5 4. d3 Nc6 5. g3 Bg4 6. Bg2 Qd7 7. h3 Be6 8. f4 f6
9. Nf3 O-O-O 10. a3 Bd6 11. b4 h6 12. f5 Bf7 13. g4 Nce7 14. Bd2 Kb8 15. Kf2 g6
16. Qc1 h5 17. a4 c5 18. bxc5 Bxc5 19. Ng3 h4 20. Nf1 g5 21. Qb2 Nc6 22. N1h2
a6 23. Rhb1 Ka8 24. Kg1 Rb8 25. Ne1 Nge7 26. Kh1 Rhc8 27. Nhf3 Qd6 28. Bf1 Rd8
29. Be2 Ba7 30. Qc1 Rh8 31. Ng2 Rbc8 32. Be1 Bc5 33. Qb2 Nd8 34. Nd2 Nec6 35.
Nb3 Bxb3 36. Qxb3 Rh7 37. Bd2 Rhc7 38. Ne1 Nf7 39. Nf3 Rb8 40. Be1 Rh8 41. a5
Re7 42. Nd2 Qd8 43. Nc4 Nd6 44. Nb6+ Bxb6 45. axb6 Kb8 46. Qa4 Kc8 47. Ra3 Kd7
48. Bd1 Ke8 49. c4 Kf7 50. c5 Nb5 51. Rxb5 axb5 52. Qxb5 Rd7 53. Bb3+ Kg7 54.
Qc4 Qc8 55. Bd2 Rf8 56. Qc1 Re7 57. Bd5 Kh6 58. Qe1 Ree8 59. Qxh4+ Kg7 60. Bxg5
fxg5 1-0

[Event "Cto Aragon Equipos 2016 Pref Gr I"]
[Site "Aragon"]
[Date "2016.02.27"]
[Round "5.39"]
[White "Labrador Postigo, Francisco M"]
[Black "Echarte Buil, Oscar"]
[Result "1/2-1/2"]
[WhiteElo "1893"]
[BlackElo "2118"]
[PlyCount "78"]
[EventDate "2016.??.??"]
[EventType "team-tourn"]
[EventRounds "9"]
[WhiteTeam "El Olivar C"]
[BlackTeam "Palacio de Pioneros A"]

1. d4 Nf6 2. Bg5 c5 3. d5 Qb6 4. Nc3 Qxb2 5. Bd2 Qb6 6. e4 d6 7. f4 e5 8. Rb1
Qd8 9. fxe5 dxe5 10. Nf3 Bd6 11. Bc4 O-O 12. O-O Nbd7 13. a4 Ne8 14. Bg5 Be7
15. Be3 a6 16. Qe1 Nd6 17. Be2 Bf6 18. Qg3 Re8 19. h4 b6 20. h5 Ra7 21. h6 g6
22. Rf2 Bh8 23. Rbf1 f5 24. Bg5 f4 25. Qh4 Bf6 26. g3 Bxg5 27. Qxg5 Qxg5 28.
Nxg5 fxg3 29. Rf3 Rf8 30. Rxf8+ Nxf8 31. Kg2 Nf7 32. Nxf7 Rxf7 33. Kxg3 Rxf1
34. Bxf1 Kf7 35. Bc4 Ke7 36. Kh4 Kf6 37. d6 Bb7 38. Bg8 b5 39. axb5 axb5
1/2-1/2

[Event "Cto Aragon Equipos 2016 Pref Gr I"]
[Site "Aragon"]
[Date "2016.02.27"]
[Round "5.40"]
[White "Baquedano Coarasa, Pablo"]
[Black "Sarto Ramos, Angel"]
[Result "0-1"]
[WhiteElo "2031"]
[BlackElo "1880"]
[PlyCount "88"]
[EventDate "2016.??.??"]
[EventType "team-tourn"]
[EventRounds "9"]
[WhiteTeam "Palacio de Pioneros A"]
[BlackTeam "El Olivar C"]

1. d4 Nf6 2. c4 c5 3. d5 g6 4. Nc3 d6 5. e4 Bg7 6. h3 O-O 7. Nf3 a6 8. a4 e5 9.
Bd3 Nh5 10. O-O Nd7 11. Bd2 Nf4 12. Bc2 Nf6 13. Kh2 h6 14. Ng1 g5 15. Nce2 Ng6
16. Ng3 g4 17. Nf5 h5 18. Bg5 gxh3 19. gxh3 Bxf5 20. exf5 Nf4 21. Qf3 Ng4+ 22.
Qxg4 hxg4 23. Bxd8 Raxd8 24. hxg4 f6 25. Nh3 Bh6 26. Nxf4 Bxf4+ 27. Kg2 Kg7 28.
Kf3 Rh8 29. a5 Rh3+ 30. Ke2 Rdh8 31. Ra3 Rxa3 32. bxa3 Rh3 33. f3 Rh2+ 34. Kd3
Bd2 35. Rb1 Bxa5 36. Rxb7+ Kh6 37. Bb1 Kg5 38. Ke3 Bd2+ 39. Ke4 Kh4 40. Rb6 Kg3
41. Rxd6 Re2+ 42. Kd3 Kxf3 43. Re6 Ba5 44. Bc2 Rd2# 0-1

[Event "Cto Aragon Equipos 2016 Pref Gr I"]
[Site "Aragon"]
[Date "2016.02.27"]
[Round "5.41"]
[White "Hinojar Basa, Alfonso"]
[Black "Fernandez Rubio, Rafael"]
[Result "0-1"]
[WhiteElo "2196"]
[BlackElo "2042"]
[PlyCount "86"]
[EventDate "2016.??.??"]
[EventType "team-tourn"]
[EventRounds "9"]
[WhiteTeam "Marcos Frechin"]
[BlackTeam "Tauste"]

1. e4 d6 2. d4 Nf6 3. Nc3 Nbd7 4. g3 e5 5. Nge2 Be7 6. Bg2 O-O 7. O-O c6 8. h3
Qc7 9. Be3 b5 10. a3 a6 11. g4 Bb7 12. Ng3 Rfd8 13. f4 exd4 14. Bxd4 c5 15. Bf2
b4 16. Nce2 d5 17. e5 Ne4 18. Nxe4 dxe4 19. Qc1 c4 20. Ng3 bxa3 21. bxa3 Nc5
22. Qe3 Nd3 23. cxd3 Rxd3 24. Qe2 e3 25. Be1 Rad8 26. Ne4 R8d4 27. Nd6 Rd2 28.
Bxd2 Rxd2 29. Qxd2 exd2 30. Nxb7 c3 31. Be4 Qb6+ 32. Kg2 c2 33. Bxc2 Qxb7+ 34.
Kg3 Qb2 35. Be4 Qc3+ 36. Bf3 Bxa3 37. Rfb1 g5 38. Rb8+ Kg7 39. Rd1 Qe3 40. Rd8
gxf4+ 41. Kg2 Bb4 42. Rd5 Qe1 43. R5xd2 Qg3+ 0-1

[Event "Cto Aragon Equipos 2016 Pref Gr I"]
[Site "Aragon"]
[Date "2016.02.27"]
[Round "5.42"]
[White "Sancho Casale, Jesus"]
[Black "Fuster Garcia, Luis"]
[Result "0-1"]
[WhiteElo "1997"]
[BlackElo "2167"]
[PlyCount "71"]
[EventDate "2016.??.??"]
[EventType "team-tourn"]
[EventRounds "9"]
[WhiteTeam "Tauste"]
[BlackTeam "Marcos Frechin"]

1. c4 Nf6 2. Nf3 g6 3. b4 Bg7 4. Bb2 O-O 5. g3 d5 6. cxd5 Nxd5 7. Qb3 Qd6 8. a3
a5 9. Bxg7 Kxg7 10. e4 Nb6 11. bxa5 N6d7 12. Qc3+ Kg8 13. d4 c5 14. d5 e6 15.
dxe6 Qxe6 16. Nbd2 Nc6 17. Bc4 Qe7 18. a6 Nce5 19. Nxe5 Nxe5 20. Bd5 Rxa6 21.
Rb1 Nc6 22. O-O Nd4 23. Rfe1 b5 24. Nf3 Nxf3+ 25. Qxf3 Bd7 26. e5 c4 27. Rb4
Kg7 28. Qc3 Kg8 29. Reb1 Re8 30. a4 Rxa4 31. Rxa4 bxa4 32. Qxc4 Be6 33. Rb7
Qxb7 34. Bxe6 Rxe6 35. Qxa4 Rxe5 36. Qd4 0-1

[Event "Cto Aragon Equipos 2016 Pref Gr I"]
[Site "Aragon"]
[Date "2016.02.27"]
[Round "5.43"]
[White "Ciriano Lamban, Alejandro"]
[Black "Vera Jimenez, Andres"]
[Result "1/2-1/2"]
[WhiteElo "2004"]
[BlackElo "1967"]
[PlyCount "111"]
[EventDate "2016.??.??"]
[EventType "team-tourn"]
[EventRounds "9"]
[WhiteTeam "Marcos Frechin"]
[BlackTeam "Tauste"]

1. d4 Nf6 2. c4 g6 3. Nf3 Bg7 4. Nc3 d5 5. Qb3 dxc4 6. Qxc4 c6 7. e4 O-O 8. Be2
Nfd7 9. Bf4 b5 10. Qd3 Nb6 11. O-O b4 12. Nd1 Ba6 13. Qc2 Bxe2 14. Qxe2 Bxd4
15. Nxd4 Qxd4 16. Rc1 c5 17. Qc2 N8d7 18. Ne3 Rac8 19. Rfd1 Qf6 20. Bg3 h5 21.
f4 Rfd8 22. e5 Qe6 23. f5 gxf5 24. Nxf5 Nxe5 25. Re1 Rd5 26. Qe4 Nf3+ 27. Qxf3
Qxf5 28. Qxf5 Rxf5 29. Rxe7 a5 30. Ra7 c4 31. Bc7 Na4 32. Rxa5 Rxa5 33. Bxa5
Nxb2 34. Bxb4 Nd3 35. Rb1 c3 36. Ba3 c2 37. Rf1 c1=Q 38. Bxc1 Nxc1 39. a4 Nb3
40. Rf3 Na5 41. Rf5 Ra8 42. Rxh5 Nc4 43. Rg5+ Kh7 44. Rg4 Rxa4 45. Rd4 Ra1+ 46.
Kf2 Ne5 47. Re4 f6 48. g4 Nf7 49. h4 Rh1 50. g5 f5 51. Re7 Kg6 52. Re6+ Kg7 53.
Rf6 Rxh4 54. Rxf5 Rh5 55. Kg3 Nxg5 56. Kg4 1/2-1/2

[Event "Cto Aragon Equipos 2016 Pref Gr I"]
[Site "Aragon"]
[Date "2016.02.27"]
[Round "5.44"]
[White "Muro Turon, Raul"]
[Black "Moreno Martinez, Laura"]
[Result "1/2-1/2"]
[WhiteElo "1909"]
[BlackElo "1890"]
[PlyCount "110"]
[EventDate "2016.??.??"]
[EventType "team-tourn"]
[EventRounds "9"]
[WhiteTeam "Tauste"]
[BlackTeam "Marcos Frechin"]

1. e4 e6 2. d4 d5 3. Nc3 dxe4 4. Nxe4 Nf6 5. Nxf6+ Qxf6 6. Nf3 h6 7. g3 Bd6 8.
Bg2 O-O 9. O-O Nd7 10. c4 e5 11. c5 Be7 12. dxe5 Nxe5 13. Nxe5 Qxe5 14. Re1
Qxc5 15. Be3 Qd6 16. Qc2 Qf6 17. Rad1 Bd6 18. Bd4 Bf5 19. Qc3 Qg6 20. Bxb7 Rab8
21. Qc6 Bb4 22. Bc3 Qxc6 23. Bxc6 Bxc3 24. bxc3 Be6 25. Bd5 Bxd5 26. Rxd5 Rfd8
27. Ra5 Rb7 28. Re4 Rd2 29. Rb4 Rb6 30. Rxa7 Rf6 31. Rf4 Rxf4 32. gxf4 c5 33.
Rc7 Rxa2 34. Rxc5 Rc2 35. Kg2 g6 36. Kg3 Kg7 37. f3 h5 38. h4 Kf6 39. f5 gxf5
40. Kf4 Kg6 41. Rc6+ f6 42. c4 Rh2 43. Kg3 Rc2 44. Rc8 Rc1 45. c5 Rc4 46. c6
f4+ 47. Kg2 Kf7 48. c7 Ke7 49. Rh8 Rxc7 50. Rxh5 Kf7 51. Kh3 Kg6 52. Kg4 Rc1
53. Rf5 Rg1+ 54. Kxf4 Rh1 55. h5+ Rxh5 1/2-1/2

[Event "Cto Aragon Equipos 2016 Pref Gr I"]
[Site "Aragon"]
[Date "2016.02.27"]
[Round "5.45"]
[White "Hefty, Jorge W"]
[Black "Jaques Burguete, Raul"]
[Result "1-0"]
[WhiteElo "2352"]
[BlackElo "2011"]
[PlyCount "41"]
[EventDate "2016.??.??"]
[EventType "team-tourn"]
[EventRounds "9"]
[WhiteTeam "IberCaja B"]
[BlackTeam "St. Casablanca B"]

1. e4 Nc6 2. Nf3 d5 3. exd5 Qxd5 4. Nc3 Qa5 5. Bb5 Bd7 6. O-O a6 7. b4 Nxb4 8.
Bxd7+ Kxd7 9. Rb1 Rb8 10. Qe2 e6 11. Ne5+ Ke8 12. a3 Bd6 13. Nc4 Qf5 14. Ne4
Kd7 15. Ncxd6 cxd6 16. Rxb4 Nf6 17. d3 Nd5 18. Rb3 h5 19. c4 Ne7 20. Be3 Nc6
21. Rfb1 1-0

[Event "Cto Aragon Equipos 2016 Pref Gr I"]
[Site "Aragon"]
[Date "2016.02.27"]
[Round "5.46"]
[White "Antonano Fedz-Quincoces, Aveli"]
[Black "Jimenez Fernandez, Alejandro"]
[Result "0-1"]
[WhiteElo "2006"]
[BlackElo "1984"]
[PlyCount "112"]
[EventDate "2016.??.??"]
[EventType "team-tourn"]
[EventRounds "9"]
[WhiteTeam "St. Casablanca D"]
[BlackTeam "IberCaja B"]

1. e4 c6 2. d4 d5 3. exd5 cxd5 4. c4 Nf6 5. Nc3 Nc6 6. Bg5 dxc4 7. Bxc4 h6 8.
Bh4 e6 9. Nf3 Be7 10. O-O O-O 11. Rc1 b6 12. Re1 Bb7 13. a3 Rc8 14. Ba2 Nd5 15.
Bg3 Nxc3 16. Rxc3 Bf6 17. Bb1 Nxd4 18. Rxc8 Nxf3+ 19. gxf3 Qxc8 20. Qd3 g6 21.
Bf4 Bxb2 22. Bxh6 Qc3 23. Re2 Qxd3 24. Bxd3 Bg7 25. Bxg7 Kxg7 26. Be4 Bxe4 27.
fxe4 Rc8 28. Re3 Kf6 29. Rf3+ Ke7 30. Kg2 Rc4 31. Re3 b5 32. h4 a5 33. Rb3 Rxe4
34. Rxb5 Ra4 35. h5 gxh5 36. Rxh5 Rxa3 37. Rb5 Kf6 38. f3 e5 39. Rb7 Kg6 40.
Ra7 f6 41. Ra8 Kg5 42. Ra6 f5 43. Ra8 Kf4 44. Rh8 Rxf3 45. Rh4+ Kg5 46. Ra4 e4
47. Rxa5 Rb3 48. Kf2 Kf4 49. Ra2 Rh3 50. Kg2 Rg3+ 51. Kf2 e3+ 52. Kf1 Kf3 53.
Rf2+ Kg4 54. Rb2 f4 55. Ra2 f3 56. Ra1 Rh3 0-1

[Event "Cto Aragon Equipos 2016 Pref Gr I"]
[Site "Aragon"]
[Date "2016.02.27"]
[Round "5.47"]
[White "Garcia Monterde, Francisco Jos"]
[Black "Alvarez Gonzalo, Miguel Angel"]
[Result "0-1"]
[WhiteElo "1949"]
[BlackElo "1896"]
[PlyCount "110"]
[EventDate "2016.??.??"]
[EventType "team-tourn"]
[EventRounds "9"]
[WhiteTeam "IberCaja B"]
[BlackTeam "St. Casablanca D"]

1. d4 Nf6 2. Nf3 e6 3. e3 c5 4. Bd3 Nc6 5. O-O d5 6. b3 Bd7 7. Bb2 Be7 8. Nbd2
h5 9. Ne5 cxd4 10. exd4 Qc7 11. c4 Nb4 12. Be2 dxc4 13. Ndxc4 b5 14. Nxd7 Nxd7
15. Ne3 Rb8 16. d5 Nxd5 17. Nxd5 exd5 18. Qxd5 Nf6 19. Bxb5+ Kf8 20. Bxf6 Bxf6
21. Rac1 Qd8 22. Qc4 g6 23. Rfd1 Qb6 24. Rd7 Kg7 25. Qxf7+ Kh6 26. Bd3 Rbg8 27.
Be4 Rg7 28. Qd5 Rxd7 29. Qxd7 Rd8 30. Qf7 Bg5 31. Re1 Qd6 32. h4 Bxh4 33. Bxg6
Bxf2+ 34. Qxf2 Kxg6 35. Qc2+ Kg5 36. Qc4 Rf8 37. Qe6 Qd4+ 38. Qe3+ Qxe3+ 39.
Rxe3 a5 40. Re5+ Kg4 41. Rxa5 Rd8 42. Kf2 Rd2+ 43. Kf1 Rb2 44. Ra4+ Kg3 45. b4
Rb1+ 46. Ke2 Kxg2 47. a3 h4 48. Ra8 Rb3 49. Kd2 h3 50. Rg8+ Rg3 51. Rh8 Rxa3
52. Kc2 h2 53. Rxh2+ Kxh2 54. Kb2 Re3 55. Kc2 Kg3 0-1

[Event "Cto Aragon Equipos 2016 Pref Gr I"]
[Site "Aragon"]
[Date "2016.02.27"]
[Round "5.48"]
[White "Arjol Lopez, Daniel"]
[Black "Millan Martin, Alfonso"]
[Result "1-0"]
[WhiteElo "1836"]
[BlackElo "1750"]
[PlyCount "117"]
[EventDate "2016.??.??"]
[EventType "team-tourn"]
[EventRounds "9"]
[WhiteTeam "St. Casablanca D"]
[BlackTeam "IberCaja B"]

1. e4 d5 2. exd5 Qxd5 3. Nc3 Qd6 4. Bc4 Nf6 5. Nge2 a6 6. d3 b5 7. Bb3 Bb7 8.
f3 Qb6 9. Bg5 Nbd7 10. Ne4 Nxe4 11. dxe4 Qg6 12. Qd2 h6 13. O-O-O O-O-O 14. Bf4
e5 15. Bg3 Bd6 16. Qc3 Nc5 17. Bd5 Na4 18. Qa5 c6 19. Bb3 Nc5 20. Qc3 Nxb3+ 21.
axb3 Qg5+ 22. Kb1 Qe7 23. Nc1 f6 24. Nd3 Bc7 25. Nb4 c5 26. Nd3 c4 27. bxc4
bxc4 28. Qxc4 Kb8 29. Nc5 Bb6 30. Nxa6+ Ka7 31. Nb4 Rxd1+ 32. Rxd1 Rd8 33. Rxd8
Qxd8 34. Nd5 Qd6 35. Nxb6 Qxb6 36. Qe2 Ba6 37. Qf2 Kb7 38. Qxb6+ Kxb6 39. Bf2+
Kc6 40. g3 Be2 41. f4 Bf3 42. fxe5 fxe5 43. Kc1 Bxe4 44. Kd2 Bf5 45. c4 Bh3 46.
b4 Bf1 47. Kc3 h5 48. b5+ Kd7 49. Kb4 g5 50. c5 Kc7 51. Be3 g4 52. Bg5 Bg2 53.
Bf6 e4 54. Be5+ Kc8 55. Bf4 e3 56. Bxe3 Kd7 57. Bf4 Bf3 58. c6+ Ke6 59. Kc5 1-0

[Event "Cto Aragon Equipos 2016 Pref Gr I"]
[Site "Aragon"]
[Date "2016.02.27"]
[Round "5.49"]
[White "Soriano Ascaso, Ignacio"]
[Black "Cifuentes Parada, Roberto"]
[Result "0-1"]
[WhiteElo "2140"]
[BlackElo "2469"]
[PlyCount "54"]
[EventDate "2016.??.??"]
[EventType "team-tourn"]
[EventRounds "9"]
[WhiteTeam "Sabiñanigo"]
[BlackTeam "Jaque"]

1. e4 c5 2. a3 g6 3. b4 Bg7 4. Nc3 d6 5. Bb2 Nf6 6. Rb1 O-O 7. h4 Nc6 8. b5 Nd4
9. Ba1 e5 10. Nge2 Be6 11. Ng3 d5 12. h5 dxe4 13. hxg6 hxg6 14. Ncxe4 b6 15. c3
Nf5 16. Nxf6+ Qxf6 17. Ne4 Qe7 18. g4 Nd6 19. Nxd6 Qxd6 20. c4 Rad8 21. Rb3 e4
22. Rbh3 Bxa1 23. Be2 g5 24. Rh7 Qf4 25. Qb3 Qxd2+ 26. Kf1 Rd3 27. Bxd3 exd3
0-1

[Event "Cto Aragon Equipos 2016 Pref Gr I"]
[Site "Aragon"]
[Date "2016.02.27"]
[Round "5.50"]
[White "Ereza Vizcarra, Fernando"]
[Black "Avellanas Tomas, Jose"]
[Result "1-0"]
[WhiteElo "1937"]
[BlackElo "1945"]
[PlyCount "58"]
[EventDate "2016.??.??"]
[EventType "team-tourn"]
[EventRounds "9"]
[WhiteTeam "Jaque"]
[BlackTeam "Sabiñanigo"]

1. d4 d5 2. Nf3 {[%emt 0:00:00]} Nf6 {[%eval 0,0] [%emt 0:00:00]} 3. Bf4 e6 4.
e3 c5 5. Nbd2 Nc6 6. c3 Be7 7. Bd3 Nh5 8. Bg3 Nxg3 9. hxg3 g6 10. Ne5 Nxe5 11.
dxe5 Qb6 12. Rb1 Bd7 13. c4 Bc6 14. O-O Rd8 15. Qc2 O-O 16. e4 Rfe8 17. f4 Bf8
18. Rbe1 Bg7 19. Kh2 Re7 20. exd5 exd5 21. cxd5 Bxd5 22. Ne4 Rc7 23. Nc3 Be6
24. Rd1 c4 25. Bxg6 Rxd1 26. Bxh7+ Kh8 27. Rxd1 Rc8 28. Bf5 Bf8 29. Nd5 Kg7 1-0

[Event "Cto Aragon Equipos 2016 Pref Gr I"]
[Site "Aragon"]
[Date "2016.02.27"]
[Round "5.51"]
[White "Climente Martinez, Jose Luis"]
[Black "Uldemolins Nivela, Mateo"]
[Result "1-0"]
[WhiteElo "1924"]
[BlackElo "1922"]
[PlyCount "65"]
[EventDate "2016.??.??"]
[EventType "team-tourn"]
[EventRounds "9"]
[WhiteTeam "Jaque"]
[BlackTeam "Sabiñanigo"]

1. d4 d5 2. c4 c6 3. Nc3 Nf6 4. Nf3 g6 5. Bg5 Bg7 6. e3 O-O 7. Bd3 Bg4 8. cxd5
cxd5 9. Qb3 Bxf3 10. gxf3 Nc6 11. Bxf6 Bxf6 12. Nxd5 Bg7 13. Nc3 Qd7 14. Be4
Rac8 15. O-O e6 16. f4 Kh8 17. Rac1 Rg8 18. Kh1 Bf6 19. Qd1 Qe7 20. Na4 Nb4 21.
Nc3 Nc6 22. Qf3 Na5 23. Rc2 Bh4 24. Rfc1 f5 25. Bd3 g5 26. d5 Rg6 27. Nb5 Rcg8
28. Rc7 g4 29. Qd1 Qf6 30. Nd6 g3 31. fxg3 Bxg3 32. Nf7+ Kg7 33. Ng5+ 1-0

[Event "Cto Aragon Equipos 2016 Pref Gr I"]
[Site "Aragon"]
[Date "2016.02.27"]
[Round "5.52"]
[White "Escartin Lacasa, Jose"]
[Black "Garcia Estruch, Jorge"]
[Result "1-0"]
[WhiteElo "1841"]
[BlackElo "1883"]
[PlyCount "69"]
[EventDate "2016.??.??"]
[EventType "team-tourn"]
[EventRounds "9"]
[WhiteTeam "Sabiñanigo"]
[BlackTeam "Jaque"]

1. d4 Nf6 2. Nf3 g6 3. Bf4 Bg7 4. e3 d6 5. Be2 O-O 6. O-O Nbd7 7. h3 c5 8. c4
b6 9. Nc3 Bb7 10. d5 a6 11. a4 Re8 12. Qd2 Qc7 13. Rfe1 Rad8 14. e4 Nh5 15. Bh2
Ne5 16. Nxe5 dxe5 17. Bxh5 gxh5 18. Qg5 Qd6 19. Qxh5 Bc8 20. f4 exf4 21. e5 Qh6
22. Qf3 Qg6 23. Bxf4 Kh8 24. Qg3 Qf5 25. Ne4 h6 26. d6 Bb7 27. dxe7 Bxe4 28.
exd8=Q Rxd8 29. Qe3 Bc6 30. Rad1 Rg8 31. g4 Qc2 32. Rd2 Qxc4 33. Bxh6 f5 34.
Bxg7+ Kxg7 35. Qg5+ 1-0